Statistics for All 156 Capitals from North Pole to Equator:

Click here to take the quiz!

General Stats

  • This quiz has been taken 106 times
    (50 since last reset)
  • The average score is 127 of 156

Answer Stats

HintAnswer% Correct
52.37 / EuropeAmsterdam
98%
51.50 / EuropeLondon
98%
55.75 / EuropeMoscow
98%
59.95 / EuropeOslo
98%
48.85 / EuropeParis
98%
37.55 / AsiaSeoul
98%
35.68 / AsiaTokyo
98%
38.88 / N. AmericaWashington
98%
39.90 / AsiaBeijing
95%
52.52 / EuropeBerlin
95%
50.85 / EuropeBrussels
95%
53.33 / EuropeDublin
95%
40.38 / EuropeMadrid
95%
45.42 / N. AmericaOttawa
95%
41.90 / EuropeRome
95%
59.32 / EuropeStockholm
95%
59.43 / EuropeTallin
95%
48.20 / EuropeVienna
95%
52.23 / EuropeWarsaw
95%
37.97 / EuropeAthens
93%
30.05 / AfricaCairo
93%
55.67 / EuropeCopenhagen
93%
60.17 / EuropeHelsinki
93%
50.45 / EuropeKiev
93%
38.70 / EuropeLisbon
93%
49.60 / EuropeLuxembourg
93%
19.43 / N. AmericaMexico City
93%
53.90 / EuropeMinsk
93%
56.93 / EuropeRiga
93%
35.68 / AsiaTehran
93%
39.87 / AsiaAnkara
90%
44.42 / EuropeBucharest
90%
47.47 / EuropeBudapest
90%
31.78 / AsiaJerusalem
90%
43.72 / EuropeMonaco
90%
28.60 / AsiaNew Delhi
90%
64.13 / EuropeReykjavik
90%
36.80 / AfricaTunis
90%
54.68 / EuropeVilnius
90%
36.77 / AfricaAlgiers
88%
46.95 / EuropeBern
88%
50.08 / EuropePrague
88%
42.70 / EuropeSofia
88%
47.92 / AsiaUlan Bator
88%
47.13 / EuropeVaduz
88%
35.88 / EuropeValletta
88%
41.90 / EuropeVatican City
88%
48.13 / EuropeBratislava
86%
33.50 / AsiaDamascus
86%
23.13 / N. AmericaHavana
86%
34.53 / AsiaKabul
86%
42.67 / EuropePristina
86%
39.02 / AsiaPyongyang
86%
34.03 / AfricaRabat
86%
43.93 / EuropeSan Marino
86%
43.87 / EuropeSarajevo
86%
41.27 / AsiaTashkent
86%
40.18 / AsiaYerevan
86%
45.82 / EuropeZagreb
86%
42.50 / EuropeAndorra la Vella
83%
40.38 / AsiaBaku
83%
13.75 / AsiaBangkok
83%
44.82 / EuropeBelgrade
83%
25.28 / AsiaDoha
83%
27.70 / AsiaKathmandu
83%
51.17 / AsiaNur Sultan
83%
25.03 / AsiaTaipei
83%
41.72 / AsiaTbilisi
83%
32.90 / AfricaTripoli
83%
37.93 / AsiaAshgabat
81%
43.87 / AsiaBishkek
81%
4.58 / S. AmericaBogota
81%
23.73 / AsiaDhaka
81%
38.53 / AsiaDushanbe
81%
14.60 / N. AmericaGuatemala City
81%
21.03 / AsiaHanoi
81%
33.72 / AsiaIslamabad
81%
15.63 / AfricaKhartoum
81%
26.22 / AsiaManama
81%
23.60 / AsiaMuscat
81%
35.17 / AsiaNicosia
81%
42.43 / EuropePodgorica
81%
18.53 / N. AmericaPort-au-Prince
81%
1.28 / AsiaSingapore
81%
41.32 / EuropeTirana
81%
24.47 / AsiaAbu Dhabi
79%
33.33 / AsiaBaghdad
79%
4.88 / AsiaBandar
79%
33.88 / AsiaBeirut
79%
10.50 / S. AmericaCaracas
79%
47.00 / EuropeChisinau
79%
4.85 / AfricaJuba
79%
17.98 / N. AmericaKingston
79%
13.15 / N. AmericaKingstown
79%
46.05 / EuropeLjubljana
79%
14.58 / AsiaManila
79%
24.63 / AsiaRiyadh
79%
15.33 / AfricaSana'a
79%
9.93 / N. AmericaSan Jose
79%
18.47 / N. AmericaSanto Domingo
79%
42.00 / EuropeSkopje
79%
14.10 / N. AmericaTegucigalpa
79%
27.47 / AsiaThimphu
79%
17.97 / AsiaVientiane
79%
9.07 / AfricaAbuja
76%
5.55 / AfricaAccra
76%
31.93 / AsiaAmman
76%
15.33 / AfricaAsmara
76%
29.37 / AsiaKuwait City
76%
6.12 / AfricaLome
76%
25.07 / N. AmericaNassau
76%
19.75 / AsiaNaypyidaw
76%
8.98 / N. AmericaPanama City
76%
11.55 / AsiaPhnom Penh
76%
10.67 / N. AmericaPort of Spain
76%
13.68 / N. AmericaSan Salvador
76%
17.12 / N. AmericaSt. Johns
76%
9.02 / AfricaAddis Ababa
74%
17.25 / N. AmericaBelmopan
74%
14.68 / AfricaDakar
74%
11.58 / AfricaDjibouti
74%
8.48 / AfricaFreetown
74%
6.80 / AfricaGeorgetown
74%
3.13 / AsiaKuala Lumpur
74%
4.17 / AsiaMale
74%
12.13 / N. AmericaManagua
74%
13.52 / AfricaNiamey
74%
12.05 / N. AmericaSt. Georges
74%
13.45 / AfricaBanjul
71%
11.85 / AfricaBissau
71%
9.52 / AfricaConakry
71%
0.38 / AfricaLibreville
71%
2.03 / AfricaMogadishu
71%
12.10 / AfricaN'Djamena
71%
5.87 / S. AmericaParamaribo
71%
15.30 / N. AmericaRoseau
71%
3.87 / AfricaYaounde
71%
4.37 / AfricaBangui
69%
17.30 / N. AmericaBasseterre
69%
0.30 / AfricaKampala
69%
18.10 / AfricaNouakchott
69%
6.82 / AfricaYamoussoukro
69%
12.65 / AfricaBamako
67%
13.10 / N. AmericaBridgetown
67%
14.02 / N. AmericaCastries
67%
12.35 / AfricaOuagadougou
67%
14.92 / AfricaPraia
67%
7.07 / OceaniaMajuro
64%
6.30 / AfricaMonrovia
64%
6.48 / AfricaPorto Novo
64%
6.90 / AsiaKotte
62%
3.75 / AfricaMalabo
62%
0.33 / AfricaSao Tome
62%
7.48 / OceaniaNgerulmud
60%
6.92 / OceaniaPalikir
60%
1.43 / OceaniaTarawa
52%

Score Distribution

Percentile by Number Answered

Percent of People with Each Score

Your Score History

You have not taken this quiz since the last reset